Statistics for FIFA 19 Top 10 Premier League Strikers

Click here to take the quiz!

General Stats

  • This quiz has been taken 351 times
  • The average score is 9 of 10

Answer Stats

RankPlayerTeamOVA% Correct
1Harry KaneTottenham Hotspur89
100%
9Jamie VardyLeicester City82
97%
2Sergio AgüeroManchester City89
97%
5Roberto FirminoLiverpool86
93%
6Alexandre LacazetteArsenal84
89%
7Gabriel JesusManchester City83
89%
4Pierre-Emerick AubameyangArsenal87
89%
3Romelu LukakuManchester United87
88%
10Wilfried ZahaCrystal Palace82
85%
8Alvaro MorataChelsea83
73%

Score Distribution

Percentile by Number Answered

Percent of People with Each Score

Your Score History

You have not taken this quiz